000 01226cam a2200349 a 4500
001 000013212
003 DO-SdBNP
005 20251029111512.0
008 850628s1984 ve b 001 0 spa d
040 _aDO-SdBNP
_cDLC
_dDLC
043 _as-ve---
049 _aBNGR
050 0 0 _aHD1912
_b.C36 1984
082 _annn
_bC331t
082 0 0 _a338.1/0987
_219
100 1 _aCarvallo, Gastón.
_927719
245 1 0 _aTemas de la Venezuela agroexportadora /
_cGastón Carvallo, Josefina Rios de Hernández.
260 _aCaracas :
_bFondo Editorial Tropykos,
_c1984.
300 _a153 p. ;
_c21 cm.
490 1 _aAgricultura y sociedad
_v1
504 _aIncluye referencias bibliográficas (p 151-152).
650 4 _aAgriculture
_xEconomic aspects
_zVenezuela
_xHistory.
_930320
650 4 _aHaciendas
_zVenezuela
_xHistory.
_930321
650 4 _aPlantations
_zVenezuela
_xHistory.
_930322
650 4 _aCoffee industry
_zVenezuela
_xHistory.
_930323
650 4 _aLandowners
_zVenezuela
_xHistory.
_930325
651 0 _aVenezuela
_xCommerce
_xHistory.
_926230
700 1 _aRios de Hernández, Josefina.
_930326
830 0 _aAgricultura y sociedad ;
_v1
_927722
910 _aCatalogación por copia / LC
942 _2ddc
_cLBS1
999 _c12848
_d12848